Das Grubenrettungs- und Gasschutzwesen in der DDR - Archivbestand im Bergarchiv Freiberg

Titel: Das Grubenrettungs- und Gasschutzwesen in der DDR - Archivbestand im Bergarchiv Freiberg
Verfasser:
Beteiligt:
In: Sächsisches Archivblatt, Heft 1 (2012), Seite 16-17
alle Artikel anzeigen
Veröffentlicht: 2012
Format: Aufsatz
Kein Bild verfügbar
X
alg: 44201886
001A    $03036:30-01-19 
001B    $01999:30-01-19 $t23:08:52.000 
001D    $03036:30-01-19 
001U    $0utf8 
001X    $00 
002@    $0Aox    
003@    $044201886X 
007A    $044201886X $aHEB 
007T    $0ArchMa19615 
011@    $a2012 
021A    $aDas @Grubenrettungs- und Gasschutzwesen in der DDR - Archivbestand im Bergarchiv Freiberg 
028A    $aHelmert $dChristiane 
028B/01 $aLandgraf $dSabine 
031A    $e1 $h16-17 $j2012 
039B    $aIn $8--Abvc--. Sächsisches Archivblatt. - Dresden : Sächsisches Staatsarchiv, 1992-2021 $x201200000000001984 $9048627194 
045T    $a8,1 

lok: 44201886 105

exp: 44201886 105 1 #EPN
201B/01 $030-01-19 $t15:23:56.000 
201C/01 $030-01-19 
201U/01 $0utf8 
203@/01 $01042399115 
208@/01 $a13-12-18 $be 
209A/01 $a/ $f106 $x00 
245Z/01 $a3.15.02. $bArchivwesen des Bundes- und der deutschen Bundesländer / Sachsen / Archive und Archivbestände $x01 
247C/01 $8->Marburg, Bibliographie zum Archivwesen der Archivschule Marburg $939588196X
LEADER 00000caa a22000002c 4500
001 44201886X
003 DE-603
005 20190130230852.0
007 tu
008 190130s2012 xx |||| | u00||u|und c
035 |a (DE-599)HEB44201886X 
040 |a DE-603  |b ger  |c DE-603  |d DE-603 
084 |a 8,1  |2 ssgn 
100 1 |a Helmert, Christiane 
245 0 0 |a ˜Dasœ Grubenrettungs- und Gasschutzwesen in der DDR - Archivbestand im Bergarchiv Freiberg 
264 0 |c 2012 
700 1 |a Landgraf, Sabine 
773 0 8 |i In  |t Sächsisches Archivblatt  |d Dresden : Sächsisches Staatsarchiv, 1992-2021  |h 30 cm  |g Heft 1 (2012), Seite 16-17  |w (DE-603)048627194  |w (DE-600)1151016-X 
924 0 |9 -  |a (DE-603)1042399115  |b DE-  |c HES  |d d  |g /